<?xml version="1.0" encoding="UTF-8"?><?xml-stylesheet type="text/xsl" href="static/style.xsl"?><OAI-PMH xmlns="http://www.openarchives.org/OAI/2.0/" xmlns:xsi="http://www.w3.org/2001/XMLSchema-instance" xsi:schemaLocation="http://www.openarchives.org/OAI/2.0/ http://www.openarchives.org/OAI/2.0/OAI-PMH.xsd"><responseDate>2026-04-17T13:55:54Z</responseDate><request verb="GetRecord" identifier="oai:www.recercat.cat:2117/182758" metadataPrefix="marc">https://recercat.cat/oai/request</request><GetRecord><record><header><identifier>oai:recercat.cat:2117/182758</identifier><datestamp>2025-07-17T16:56:47Z</datestamp><setSpec>com_2072_1033</setSpec><setSpec>col_2072_452951</setSpec></header><metadata><record xmlns="http://www.loc.gov/MARC21/slim" xmlns:dcterms="http://purl.org/dc/terms/" xmlns:xsi="http://www.w3.org/2001/XMLSchema-instance" xmlns:doc="http://www.lyncode.com/xoai" xsi:schemaLocation="http://www.loc.gov/MARC21/slim http://www.loc.gov/standards/marcxml/schema/MARC21slim.xsd">
   <leader>00925njm 22002777a 4500</leader>
   <datafield ind2=" " ind1=" " tag="042">
      <subfield code="a">dc</subfield>
   </datafield>
   <datafield ind2=" " ind1=" " tag="720">
      <subfield code="a">Carral Quiñones, Verónica</subfield>
      <subfield code="e">author</subfield>
   </datafield>
   <datafield ind2=" " ind1=" " tag="260">
      <subfield code="c">2005-07</subfield>
   </datafield>
   <datafield ind2=" " ind1=" " tag="520">
      <subfield code="a">Este proyecto final de carrera tiene como objetivo aplicar los conocimientos adquiridos durante el periodo de estudios dentro de la línea de intensificación elegida. Al tratarse de un estudio de viabilidad, se pretende realizar una visión conjunta de todos los factores que intervendrían en el caso de llevarse a cabo, pero se necesitaría un estudio más exhaustivo de cada uno de ellos, especialmente los técnicos. Al carecer prácticamente de planos originales (se consiguieron unos planos muy básicos por parte del hotel) del edificio a estudiar, el levantamiento de fachadas y la delineación de plantas y secciones para poder trabajar se considera un punto más de este proyecto. El objeto del proyecto es el estudio de un pequeño edificio en las dependencias de un gran hotel. Actualmente en desuso (años atrás la casa de la persona que trabajaba las tierras y cuidaba el ganado) se pretende proponer un cambio de uso para convertirlo en un anexo del gran hotel. Este edificio pertenece a lo que antiguamente eran los jardines de Torre Melina, y se encuentra dentro del hotel Juan Carlos I.</subfield>
   </datafield>
   <datafield tag="653" ind2=" " ind1=" ">
      <subfield code="a">Àrees temàtiques de la UPC::Edificació::Rehabilitació d'edificis</subfield>
   </datafield>
   <datafield tag="653" ind2=" " ind1=" ">
      <subfield code="a">Buildings -- Remodeling for other use</subfield>
   </datafield>
   <datafield tag="653" ind2=" " ind1=" ">
      <subfield code="a">Hotels -- Buildings</subfield>
   </datafield>
   <datafield tag="653" ind2=" " ind1=" ">
      <subfield code="a">Farmhouses</subfield>
   </datafield>
   <datafield tag="653" ind2=" " ind1=" ">
      <subfield code="a">Conversió d'edificis</subfield>
   </datafield>
   <datafield tag="653" ind2=" " ind1=" ">
      <subfield code="a">Hotels -- Edificis</subfield>
   </datafield>
   <datafield tag="653" ind2=" " ind1=" ">
      <subfield code="a">Masos, masies, etc. -- Catalunya -- Barcelona</subfield>
   </datafield>
   <datafield ind2="0" ind1="0" tag="245">
      <subfield code="a">Proyecto de viabilidad de convertir una masía en un anexo de hotel</subfield>
   </datafield>
</record></metadata></record></GetRecord></OAI-PMH>